|
|
|
|
| LEADER |
00000cam a2200000 7i4500 |
| 001 |
0000089934 |
| 005 |
20230125095640.0 |
| 008 |
220905 |
| 020 |
|
|
|a 9789672972044
|
| 041 |
0 |
|
|a Malay
|
| 090 |
0 |
0 |
|a JF
|b REG MAL
|
| 100 |
0 |
|
|a MoulvI Al-Hafiz S.A. Seyed Ibrahim Al-Bukhari M.A. ,
|d 1984-
|
| 245 |
1 |
0 |
|a Jom kenali siapakah Allah
|c MoulvI Al-Hafiz S.A. Seyed Ibrahim Al-Bukhari M.A.
|
| 260 |
|
|
|a Selangor :
|b Darul Mughni Trading ,
|c 2022
|
| 300 |
|
|
|a 55p. :
|b ill., col. ;
|c 26.1 cm.
|
| 500 |
|
|
|a Children ages 7-9 years old (orange)
|
| 541 |
0 |
|
|c Purchased on 2022
|f F220627 FGS
|h RM29.90
|
| 650 |
|
0 |
|a God(Islam)
|
| 650 |
|
0 |
|a Malay language
|x Readers
|x God(Islam)
|
| 700 |
0 |
|
|a Fatimah Abdul Nasir
|
| 730 |
0 |
|
|a Judul
|
| 999 |
|
|
|a 0001689689
|b Book
|c Children Collection
|e Perbadanan Perpustakaan Awam Johor
|
| 999 |
|
|
|a 0001689690
|b Book
|c Children Collection
|e Perbadanan Perpustakaan Awam Johor
|
| 999 |
|
|
|a 0001689691
|b Book
|c Children Collection
|e Perbadanan Perpustakaan Awam Johor
|
| 999 |
|
|
|a 0001689692
|b Book
|c Children Collection
|e Cawangan AEON Kulaijaya
|
| 999 |
|
|
|a 0001689693
|b Book
|c Children Collection
|e Cawangan Urban Transformation Centre
|
| 999 |
|
|
|a 0001689694
|b Book
|c Children Collection
|e Cawangan Tangkak
|
| 999 |
|
|
|a 0001689695
|b Book
|c Children Collection
|e Cawangan Batu Pahat
|
| 999 |
|
|
|a 0001689696
|b Book
|c Children Collection
|e Cawangan Segamat
|
| 999 |
|
|
|a 0001689697
|b Book
|c Children Collection
|e Cawangan Taman Sri Lambak
|
| 999 |
|
|
|a 0001689698
|b Book
|c Children Collection
|e Cawangan Bandar Penawar
|
| 999 |
|
|
|a 0001689699
|b Book
|c Children Collection
|e Cawangan Bukit Gambir
|
| 999 |
|
|
|a 0001689700
|b Book
|c Children Collection
|e Cawangan Kota Tinggi
|
| 999 |
|
|
|a 0001689701
|b Book
|c Children Collection
|e Perbadanan Perpustakaan Awam Johor
|
| 999 |
|
|
|a 0001689702
|b Book
|c Children Collection
|e Cawangan Tmn. Ungku Tun Aminah
|
| 999 |
|
|
|a 0001689703
|b Book
|c Children Collection
|e Cawangan Bandar Tenggara
|
| 999 |
|
|
|a 0001689704
|b Book
|c Children Collection
|e Perbadanan Perpustakaan Awam Johor
|
| 999 |
|
|
|a 0001689705
|b Book
|c Children Collection
|e Cawangan Mersing
|
| 999 |
|
|
|a 0001689706
|b Book
|c Children Collection
|e Cawangan Muar
|
| 999 |
|
|
|a 0001689707
|b Book
|c Children Collection
|e Cawangan Pontian
|
| 999 |
|
|
|a 0001689963
|b Book
|c Children Collection
|e Desa - PPAJ
|
| 999 |
|
|
|a 0001689964
|b Book
|c Children Collection
|e Desa - PPAJ
|
| 999 |
|
|
|a 0001689965
|b Book
|c Children Collection
|e Desa - PPAJ
|
| 999 |
|
|
|a 0001689966
|b Book
|c Children Collection
|e Desa - PPAJ
|
| 999 |
|
|
|a 0001689967
|b Book
|c Children Collection
|e Desa - PPAJ
|
| 999 |
|
|
|a 0001689968
|b Book
|c Children Collection
|e Desa - PPAJ
|
| 999 |
|
|
|a 0001689969
|b Book
|c Children Collection
|e Desa - PPAJ
|
| 999 |
|
|
|a 0001689970
|b Book
|c Children Collection
|e Desa - PPAJ
|
| 999 |
|
|
|a 0001689971
|b Book
|c Children Collection
|e Desa - PPAJ
|
| 999 |
|
|
|a 0001689972
|b Book
|c Children Collection
|e Desa - PPAJ
|
| 999 |
|
|
|a 0001689973
|b Book
|c Children Collection
|e Desa - PPAJ
|
| 999 |
|
|
|a 0001689974
|b Book
|c Children Collection
|e Desa - PPAJ
|
| 999 |
|
|
|a 0001689975
|b Book
|c Children Collection
|e Desa - PPAJ
|
| 999 |
|
|
|a 0001689976
|b Book
|c Children Collection
|e Desa - PPAJ
|
| 999 |
|
|
|a 0001689977
|b Book
|c Children Collection
|e Desa - PPAJ
|
| 999 |
|
|
|a 0001689978
|b Book
|c Children Collection
|e Desa - PPAJ
|
| 999 |
|
|
|a 0001689979
|b Book
|c Children Collection
|e Desa - PPAJ
|
| 999 |
|
|
|a 0001689980
|b Book
|c Children Collection
|e Desa - PPAJ
|
| 999 |
|
|
|a 0001689981
|b Book
|c Children Collection
|e Desa - PPAJ
|
| 999 |
|
|
|a 0001689982
|b Book
|c Children Collection
|e Desa - PPAJ
|
| 999 |
|
|
|a 0001689983
|b Book
|c Children Collection
|e Desa - PPAJ
|
| 999 |
|
|
|a 0001689984
|b Book
|c Children Collection
|e Desa - PPAJ
|
| 999 |
|
|
|a 0001689985
|b Book
|c Children Collection
|e Desa - PPAJ
|
| 999 |
|
|
|a 0001689986
|b Book
|c Children Collection
|e Desa - PPAJ
|
| 999 |
|
|
|a 0001689987
|b Book
|c Children Collection
|e Desa - PPAJ
|
| 999 |
|
|
|a 0001689988
|b Book
|c Children Collection
|e Desa - PPAJ
|
| 999 |
|
|
|a 0001689989
|b Book
|c Children Collection
|e Desa - PPAJ
|
| 999 |
|
|
|a 0001689990
|b Book
|c Children Collection
|e Desa - PPAJ
|
| 999 |
|
|
|a 0001689991
|b Book
|c Children Collection
|e Desa - PPAJ
|
| 999 |
|
|
|a 0001689992
|b Book
|c Children Collection
|e Desa - PPAJ
|
| 999 |
|
|
|a 0001689995
|b Book
|c Children Collection
|e Desa - PPAJ
|
| 999 |
|
|
|a 0001689996
|b Book
|c Children Collection
|e Desa - PPAJ
|
| 999 |
|
|
|a 0001689997
|b Book
|c Children Collection
|e Desa - PPAJ
|
| 999 |
|
|
|a 0001689998
|b Book
|c Children Collection
|e Desa - PPAJ
|
| 999 |
|
|
|a 0001689999
|b Book
|c Children Collection
|e Desa - PPAJ
|
| 999 |
|
|
|a 0001690000
|b Book
|c Children Collection
|e Desa - PPAJ
|
| 999 |
|
|
|a 0001690001
|b Book
|c Children Collection
|e Desa - PPAJ
|
| 999 |
|
|
|a 0001690002
|b Book
|c Children Collection
|e Desa - PPAJ
|
| 999 |
|
|
|a 0001690003
|b Book
|c Children Collection
|e Desa - PPAJ
|
| 999 |
|
|
|a 0001690004
|b Book
|c Children Collection
|e Desa - PPAJ
|
| 999 |
|
|
|a 0001690005
|b Book
|c Children Collection
|e Desa - PPAJ
|